<?xml version="1.0" encoding="UTF-8"?>
<record
    xmlns:xsi="http://www.w3.org/2001/XMLSchema-instance"
    xsi:schemaLocation="http://www.loc.gov/MARC21/slim http://www.loc.gov/standards/marcxml/schema/MARC21slim.xsd"
    xmlns="http://www.loc.gov/MARC21/slim">

  <leader>02392nam a22003017a 4500</leader>
  <controlfield tag="005">20260106115118.0</controlfield>
  <controlfield tag="008">230209b           ||||| |||| 00| 0 eng d</controlfield>
  <datafield tag="020" ind1=" " ind2=" ">
    <subfield code="a">9788121942904</subfield>
  </datafield>
  <datafield tag="040" ind1=" " ind2=" ">
    <subfield code="c">AL</subfield>
  </datafield>
  <datafield tag="041" ind1=" " ind2=" ">
    <subfield code="a">eng</subfield>
  </datafield>
  <datafield tag="082" ind1=" " ind2=" ">
    <subfield code="2">23</subfield>
    <subfield code="a">620.8</subfield>
    <subfield code="b">DUBA</subfield>
  </datafield>
  <datafield tag="100" ind1=" " ind2=" ">
    <subfield code="a">R C Dubey</subfield>
    <subfield code="9">250315</subfield>
  </datafield>
  <datafield tag="245" ind1=" " ind2=" ">
    <subfield code="a">Advanced biotechnology</subfield>
  </datafield>
  <datafield tag="260" ind1=" " ind2=" ">
    <subfield code="a">New Delhi</subfield>
    <subfield code="b">S Chand and Company Ltd</subfield>
    <subfield code="c">2020</subfield>
  </datafield>
  <datafield tag="300" ind1=" " ind2=" ">
    <subfield code="a">xx,1162p.</subfield>
    <subfield code="b">PB</subfield>
    <subfield code="c">23x16</subfield>
  </datafield>
  <datafield tag="365" ind1=" " ind2=" ">
    <subfield code="2">Biotechnology</subfield>
    <subfield code="a">7719</subfield>
    <subfield code="b">559.00</subfield>
    <subfield code="c">&#x20B9;</subfield>
    <subfield code="d">699.00</subfield>
    <subfield code="e">20%</subfield>
    <subfield code="f">06-02-2023</subfield>
  </datafield>
  <datafield tag="520" ind1=" " ind2=" ">
    <subfield code="a">The book embodies 22 chapters covering various important disciplines of biotechnology, such as cell biology, molecular biology, molecular genetics, biophysical methods, genomics and proteomics, metagenomics, enzyme technology, immune-technology, transgenic plants and animals, industrial microbiology and environmental biotechnology. The book is illustrative. It is written in a simple language so that the students can easily grasp the matter. Possible questions have been written at the end of each chapter so that the matter can be thoroughly understood. Glossary of some important technical terms has been incorporated. Subject index has been given at the end of the book so that the students may search the related topics with complete case.</subfield>
  </datafield>
  <datafield tag="521" ind1=" " ind2=" ">
    <subfield code="a">Table of Content
Chapter 1: Introduction Chapter 2: Cell Biology Chapter 3: Molecular Biology Chapter 4: Molecular Genetics Chapter 5: Biophysical Methods (= Biophysics) Chapter 6: Dna Modifying Enzymes And Restriction Endonucleases Chapter 7: Cloning Vectors Chapter 8: Methods Of Gene Manipulation Chapter 9: Gene Therapy Chapter 10: Dna Profiling Chapter 11: Proteins: Structure, Engineering And Design Chapter 12: Bioinformatics Chapter 13: Genomics And Proteomics Chapter 14: Metagenomics Chapter 15: Enzyme Technology Chapter 16: Immunology Chapter 17: Immunotechnology Chapter 18: Plant Biotechnology Chapter 19: Transgenic Plants Chapter 20: Transgenic Animals (= Animal Biotechnology) Chapter 21: Industrial Microbiology Chapter 22: Environmental Biotechnology Glossary Index</subfield>
  </datafield>
  <datafield tag="650" ind1=" " ind2=" ">
    <subfield code="a">Cell Biology</subfield>
    <subfield code="9">71556</subfield>
  </datafield>
  <datafield tag="650" ind1=" " ind2=" ">
    <subfield code="a">Molecular Genetics</subfield>
    <subfield code="9">71557</subfield>
  </datafield>
  <datafield tag="650" ind1=" " ind2=" ">
    <subfield code="a">Biophysical Methods</subfield>
    <subfield code="9">71558</subfield>
  </datafield>
  <datafield tag="650" ind1=" " ind2=" ">
    <subfield code="a">DNA Modifying Enzymes</subfield>
    <subfield code="9">71559</subfield>
  </datafield>
  <datafield tag="650" ind1=" " ind2=" ">
    <subfield code="a">Cloning Vectors</subfield>
    <subfield code="9">71560</subfield>
  </datafield>
  <datafield tag="650" ind1=" " ind2=" ">
    <subfield code="a">Gene Therapy</subfield>
    <subfield code="9">71561</subfield>
  </datafield>
  <datafield tag="650" ind1=" " ind2=" ">
    <subfield code="a">Immunology</subfield>
    <subfield code="9">71562</subfield>
  </datafield>
  <datafield tag="650" ind1=" " ind2=" ">
    <subfield code="a">Industrial Microbiology</subfield>
    <subfield code="9">71563</subfield>
  </datafield>
  <datafield tag="942" ind1=" " ind2=" ">
    <subfield code="2">ddc</subfield>
    <subfield code="c">BK</subfield>
  </datafield>
  <datafield tag="999" ind1=" " ind2=" ">
    <subfield code="c">226624</subfield>
    <subfield code="d">226624</subfield>
  </datafield>
  <datafield tag="952" ind1=" " ind2=" ">
    <subfield code="0">0</subfield>
    <subfield code="1">0</subfield>
    <subfield code="2">ddc</subfield>
    <subfield code="4">0</subfield>
    <subfield code="7">0</subfield>
    <subfield code="8">BT</subfield>
    <subfield code="a">AL</subfield>
    <subfield code="b">AL</subfield>
    <subfield code="c">SK</subfield>
    <subfield code="d">2023-02-09</subfield>
    <subfield code="e">Biblios Book Point Surathkal Mangalore 575014</subfield>
    <subfield code="g">559.00</subfield>
    <subfield code="l">0</subfield>
    <subfield code="o">620.8 DUBA</subfield>
    <subfield code="p">076396</subfield>
    <subfield code="r">2023-02-09 00:00:00</subfield>
    <subfield code="v">699.00</subfield>
    <subfield code="w">2023-02-09</subfield>
    <subfield code="y">BK</subfield>
  </datafield>
</record>
